Political mysteries (Record no. 975)

MARC details
000 -LEADER
fixed length control field 00708 a2200193 4500
008 - FIXED-LENGTH DATA ELEMENTS--GENERAL INFORMATION
fixed length control field 080821t xxu||||| |||| 00| 0 eng d
010 ## - LIBRARY OF CONGRESS CONTROL NUMBER
LC control number ENG-85061
020 ## - INTERNATIONAL STANDARD BOOK NUMBER
International Standard Book Number 8184300204
Terms of availability 200.00
035 ## - SYSTEM CONTROL NUMBER
System control number EN-68594
037 ## - SOURCE OF ACQUISITION
Source of stock number/acquisition D.B.Act / Pub
082 ## - DEWEY DECIMAL CLASSIFICATION NUMBER
Classification number 320.954
100 ## - MAIN ENTRY--PERSONAL NAME
Personal name Malkani, K. R.
245 ## - TITLE STATEMENT
Title Political mysteries
Statement of responsibility, etc by K. R. Malkani
260 ## - PUBLICATION, DISTRIBUTION, ETC. (IMPRINT)
Place of publication, distribution, etc New Delhi
Name of publisher, distributor, etc Ocean Books
Date of publication, distribution, etc 2006
270 ## - ADDRESS
Address 4/19, Asaf Ali Road,
City New Delhi
State or province Delhi
Postal code 110002
300 ## - PHYSICAL DESCRIPTION
Extent 148 p.
Dimensions 22 cm. (Hb)
942 ## - ADDED ENTRY ELEMENTS (KOHA)
Institution code [OBSOLETE] dpl
Koha item type English Books
Call number prefix 20.9543 / MAL
Source of classification or shelving scheme Dewey Decimal Classification
Classification part 20.9543
Call number suffix MAL
Holdings
Withdrawn status Lost status Damaged status Not for loan Home library Current library Date acquired Cost, normal purchase price Total Checkouts Full call number Barcode Date last seen Copy number Uniform Resource Identifier Cost, replacement price Price effective from Koha item type
        D.B.Act.Division D.B.Act.Division 21/08/2008 200.00   20.9543 MAL EN-68594 15/09/2008 1 1039 200.00 15/09/2008 English Books

© Delhi Public Library
Hit Counter
free hit counter